000 00242nam a2200097Ia 4500
008 220204s9999 xx 000 0 und d
082 _a91(031)
_bELS
245 0 _aEncyclopedia of world geography
260 _aLondon
_bOctopus
_c1974
942 _cBK
999 _c23233
_d23233